00924nam a2200265 a 45000010008000000030004000080050017000120080041000290100017000700150015000870200022001020400018001240430012001420820016001541100033001702450143002032600047003463000043003936500025004367100030004619060045004919420012005369990015005489520095005632790572OSt20230620163242.0810814s1980 enkbh i000 0 eng  a 81103277  aGB80-40308 a0850921775 (pbk.) aDLCcDLCdDLC af-rh---00a324.96bCOM2 aCommonwealth Observer Group.10aSouthern Rhodesia elections, February, 1980 :bthe report of the Commonwealth Observer Group on elections leading to independent Zimbabwe. aLondon :bCommonwealth Secretariat,c1980. axi, 351 p. :bfacsims., maps ;c30 cm. 0aElectionszZimbabwe.2 aCommonwealth Secretariat. a7bcbccorignewd4encipf19gy-gencatlg 2ddccBK c1929d1929 00102ddc4070a002b002d2023-06-20l0o324.96 COMp10001210r2023-06-20w2023-06-20yBK